[Event "World Senior Teams +65"]
[Site "Radebeul GER"]
[Date "2016.06.27"]
[Round "2.7"]
[Board "2"]
[White "James, Geoffrey H"]
[Black "Ulrichsen, Jarl H"]
[Result "0-1"]
[WhiteTitle "CM"]
[BlackTitle "FM"]
[WhiteElo "2203"]
[BlackElo "2187"]
[WhiteTeam "England 1"]
[BlackTeam "Norway 1"]
[WhiteFideId "402346"]
[BlackFideId "1500350"]
[EventDate "2016.06.26"]

1. e4 c5 2. Nf3 Nc6 3. Bb5 Nd4 4. Bc4 e6 5. c3 Nxf3+ 6. Qxf3 Ne7 7. d3 Nc6 8.
Bf4 Qf6 9. Qg3 Qg6 10. Nd2 Be7 11. a4 Qxg3 12. Bxg3 Na5 13. Rb1 b6 14. b4 cxb4
15. cxb4 Nc6 16. b5 Na5 17. O-O Bb7 18. Ba2 O-O 19. Rbc1 Rfc8 20. Nb1 g6 21. Be5
Kf8 22. Bb2 Ke8 23. f4 f5 24. e5 g5 25. g3 gxf4 26. gxf4 Kf7 27. Kf2 Rxc1 28.
Rxc1 Rg8 29. Rg1 Rc8 30. Rc1 Bc5+ 31. Kf1 Rg8 32. d4 Rg2 33. Bc3 Rxa2 34. dxc5
Nb3 35. Rd1 Nxc5 36. Bb4 Bf3 37. Rd2 Ra1 38. Bxc5 Rxb1+ 39. Kf2 Bd5 40. Bd6 Ra1
41. Rd4 Ra2+ 42. Kg3 Rg2+ 43. Kh3 Rg4 44. Rd2 Rxf4 45. a5 bxa5 46. Bb8 Kg6 47.
Bxa7 Kh5 0-1

[Event "World Senior Teams +65"]
[Site "Radebeul GER"]
[Date "2016.06.27"]
[Round "2.7"]
[Board "3"]
[White "Gundersen, Helge"]
[Black "Stokes, Michael"]
[Result "0-1"]
[WhiteElo "2144"]
[BlackElo "2187"]
[WhiteTeam "Norway 1"]
[BlackTeam "England 1"]
[WhiteFideId "1500465"]
[BlackFideId "442542"]
[EventDate "2016.06.26"]

1. e4 e5 2. f4 exf4 3. Nf3 Be7 4. Nc3 Bh4+ 5. Ke2 d6 6. d4 Bg4 7. Bxf4 Nf6 8.
Qd3 Nh5 9. Be3 O-O 10. Kd2 Nc6 11. Be2 f5 12. exf5 Bxf5 13. Qb5 a5 14. Nxh4 Qxh4
15. Raf1 Ne7 16. g4 Bxg4 17. Bg5 Qh3 18. Bxe7 Rfe8 19. Rhg1 Rxe7 20. Bxg4 Qxh2+
21. Kc1 Nf6 22. Qxb7 Rae8 23. Qg2 Re1+ 24. Rxe1 Rxe1+ 25. Rxe1 Qxg2 26. Be6+ Kf8
27. d5 h5 28. Nb5 Ne4 29. Rd1 h4 0-1

[Event "World Senior Teams +65"]
[Site "Radebeul GER"]
[Date "2016.06.27"]
[Round "2.7"]
[Board "4"]
[White "Quinn, John M"]
[Black "Sollid, Stein"]
[Result "1-0"]
[WhiteElo "2152"]
[BlackElo "2014"]
[WhiteTeam "England 1"]
[BlackTeam "Norway 1"]
[WhiteFideId "405043"]
[BlackFideId "1503057"]
[EventDate "2016.06.26"]

1. d4 Nf6 2. c4 e6 3. Nf3 b6 4. a3 Bb7 5. Nc3 Ne4 6. Qc2 Nxc3 7. Qxc3 a5 8. b3
Be7 9. Bb2 O-O 10. g3 f5 11. Bg2 Bf6 12. O-O Be4 13. Nd2 Bxg2 14. Kxg2 Nc6 15.
Qd3 d5 16. e3 Qd7 17. Rac1 Ne7 18. Rc2 c6 19. Rfc1 Ra7 20. a4 Rb8 21. Ba3 Kf7
22. Bxe7 Bxe7 23. Nf3 Bf6 24. cxd5 cxd5 25. Rc6 Rbb7 26. Qb5 Rc7 27. Qxb6 Rcb7
28. Qc5 Rxb3 29. Rc8 Kg6 30. Rh8 Qe7 31. Qc8 Qf7 32. h4 Kh6 33. Rc6 Rab7 34.
Rxe6 Rb8 35. Ng5 Qg6 36. Qxb8 Rxb8 37. Rxb8 Kh5 38. Rb5 h6 39. Nf3 Qg4 40. Rxd5 1-0

[Event "World Senior Teams +65"]
[Site "Radebeul GER"]
[Date "2016.06.27"]
[Round "2.8"]
[Board "1"]
[White "Haase, Wolfgang"]
[Black "Rahls, Peter"]
[Result "1/2-1/2"]
[BlackTitle "FM"]
[WhiteElo "2144"]
[BlackElo "2160"]
[WhiteTeam "Hessen 2"]
[BlackTeam "Berlin"]
[WhiteFideId "4627440"]
[BlackFideId "4613023"]
[EventDate "2016.06.26"]

1. Nf3 c5 2. c4 Nc6 3. Nc3 g6 4. g3 Bg7 5. Bg2 e6 6. e3 Nge7 7. d4 cxd4 8. exd4
d5 9. cxd5 Nxd5 10. O-O O-O 11. Nxd5 exd5 12. Be3 Bg4 13. h3 Bxf3 14. Qxf3 Qb6
15. Qxd5 Rfd8 16. Qc5 Bxd4 17. Qxb6 axb6 18. Bxd4 Rxd4 19. Rfc1 Rd2 20. Bxc6
bxc6 21. b4 Rb2 22. a3 Kg7 23. Rxc6 b5 24. Rb6 f5 25. Rxb5 Rd8 26. Re5 Rdd2 27.
Rf1 Rd3 28. Re3 Rxe3 29. fxe3 Rb3 30. Kf2 Rxa3 31. Rb1 Ra6 32. b5 Rb6 33. Ke2
Kf6 34. Kd3 Ke5 35. Kc4 Rb8 36. b6 Ke4 37. b7 Kxe3 38. Kd5 Kf3 39. Rb3+ Kg2 40.
Ke5 Kxh3 41. Kf4 Kg2 42. Kg5 Kf2 43. Kf4 Kg2 44. Rb2+ Kh3 45. Rb6 Kg2 46. Rb3
Kf2 47. Rb2+ Ke1 48. Kg5 Kf1 49. Kh6 Ke1 50. Kxh7 g5 51. Kg6 f4 52. Rb3 fxg3 53.
Rxg3 Rxb7 54. Rxg5 1/2-1/2

[Event "World Senior Teams +65"]
[Site "Radebeul GER"]
[Date "2016.06.27"]
[Round "2.8"]
[Board "4"]
[White "Witte, Manfred"]
[Black "Falk, Thomas"]
[Result "1/2-1/2"]
[WhiteElo "2205"]
[BlackElo "2094"]
[WhiteTeam "Berlin"]
[BlackTeam "Hessen 2"]
[WhiteFideId "12966630"]
[BlackFideId "4634624"]
[EventDate "2016.06.26"]

1. e4 e5 2. Nf3 Nc6 3. Nc3 Nf6 4. d4 exd4 5. Nxd4 Bb4 6. Nxc6 bxc6 7. Bd3 d5 8.
exd5 cxd5 9. O-O O-O 10. h3 c6 11. Qf3 Re8 12. Bf4 Qe7 13. a3 Bd6 14. Bxd6 Qxd6
15. Rfe1 1/2-1/2

[Event "World Senior Teams +65"]
[Site "Radebeul GER"]
[Date "2016.06.27"]
[Round "2.9"]
[Board "4"]
[White "Titz, Herbert"]
[Black "Luodonpaa, Martti"]
[Result "1/2-1/2"]
[WhiteElo "1950"]
[BlackElo "1831"]
[WhiteTeam "Wien 1"]
[BlackTeam "Finland"]
[WhiteFideId "1610040"]
[BlackFideId "502880"]
[EventDate "2016.06.26"]

1. e4 d5 2. exd5 Qxd5 3. Nc3 Qd6 4. d4 Nf6 5. Nf3 c6 6. Be2 g6 7. O-O Bg7 8. h3
O-O 9. Be3 Re8 10. Qd2 Bf5 11. Bd3 Bxd3 12. Qxd3 Nbd7 13. Rad1 Nb6 14. Rfe1 Nbd5
15. Nxd5 Nxd5 16. c3 Rad8 17. Bc1 Nf6 18. Ne5 Nd7 19. Nc4 Qd5 20. b3 Qh5 21. Qe2
Qxe2 22. Rxe2 Nf6 23. Ne3 e6 1/2-1/2

[Event "World Senior Teams +65"]
[Site "Radebeul GER"]
[Date "2016.06.27"]
[Round "2.10"]
[Board "2"]
[White "Van Herck, Marcel"]
[Black "Brauer, Christian"]
[Result "1-0"]
[WhiteElo "2155"]
[BlackElo "2102"]
[WhiteTeam "Belgium 1"]
[BlackTeam "Oberlausitz"]
[WhiteFideId "200344"]
[BlackFideId "4610938"]
[EventDate "2016.06.26"]

1. Nf3 d5 2. c4 c6 3. d4 Nf6 4. Nc3 dxc4 5. e3 b5 6. a4 b4 7. Na2 a5 8. Bxc4 Bf5
9. b3 e6 10. Bb2 Nbd7 11. Nc1 Be7 12. Nd3 O-O 13. Nfe5 Qb6 14. O-O Rfd8 15. Qe2
Rac8 16. Rac1 Nxe5 17. Nxe5 Nd7 18. Nxd7 Rxd7 19. Rfd1 Rcd8 20. Qf3 h6 21. Be2
c5 22. Bb5 Rc7 23. e4 Bg6 24. d5 exd5 25. exd5 Bd6 26. Re1 Re7 27. Rxe7 Bxe7 28.
Be5 f6 29. Bf4 Bd6 30. Bc6 Qc7 31. Bxd6 Qxd6 32. Qg3 Bf7 33. Qxd6 Rxd6 34. Rxc5
Kf8 35. Kf1 Ke7 36. Rxa5 Rd8 37. Ra7+ 1-0

[Event "World Senior Teams +65"]
[Site "Radebeul GER"]
[Date "2016.06.27"]
[Round "2.10"]
[Board "4"]
[White "Maes, Valeer"]
[Black "Byhan, Gert"]
[Result "1/2-1/2"]
[WhiteElo "2084"]
[BlackElo "1953"]
[WhiteTeam "Belgium 1"]
[BlackTeam "Oberlausitz"]
[WhiteFideId "201634"]
[BlackFideId "4648200"]
[EventDate "2016.06.26"]

1. d4 Nf6 2. Nf3 e6 3. c3 c5 4. Bg5 cxd4 5. cxd4 Be7 6. Nc3 d5 7. e3 O-O 8. Bd3
Nc6 9. Rc1 a6 10. O-O Bd7 11. Ne5 Nxe5 12. dxe5 Ne8 13. Bf4 f5 14. exf6 Nxf6 15.
Be5 Bc6 16. Qe2 Bd6 17. Bxd6 Qxd6 18. e4 dxe4 19. Nxe4 Nxe4 1/2-1/2

[Event "World Senior Teams +65"]
[Site "Radebeul GER"]
[Date "2016.06.27"]
[Round "2.11"]
[Board "1"]
[White "Frick, Christoph"]
[Black "Kolbak, Jens"]
[Result "1/2-1/2"]
[WhiteElo "2243"]
[BlackElo "2178"]
[WhiteTeam "Eck-Gunners"]
[BlackTeam "Denmark"]
[WhiteFideId "4607090"]
[BlackFideId "1400339"]
[EventDate "2016.06.26"]

1. d4 Nf6 2. Bf4 d5 3. e3 e6 4. Nd2 Bd6 5. Bg3 Nbd7 6. Ngf3 Ne4 7. Nxe4 dxe4 8.
Bh4 Be7 9. Bxe7 Qxe7 10. Nd2 f5 11. f4 exf3 12. Qxf3 O-O 13. Bc4 Kh8 14. O-O-O
e5 15. Qg3 c6 16. Nf3 e4 17. Ng5 Nb6 18. Bb3 Bd7 19. h4 Nd5 20. Qe5 Rae8 21.
Bxd5 cxd5 22. Qxd5 Bc6 23. Qc4 h6 24. d5 Bd7 25. Nh3 Qxh4 26. Qd4 b6 27. c4 Qf6
28. b3 Kg8 29. Nf4 Qxd4 30. Rxd4 g5 31. Nh3 Kg7 32. g3 a5 33. Kb2 Ra8 34. a3 h5
35. b4 axb4 36. axb4 Rfd8 37. Rdd1 1/2-1/2

[Event "World Senior Teams +65"]
[Site "Radebeul GER"]
[Date "2016.06.27"]
[Round "2.11"]
[Board "2"]
[White "Jorgensen, Arne Bjorn"]
[Black "Weisenburger, Horst"]
[Result "1/2-1/2"]
[WhiteElo "1955"]
[BlackElo "2170"]
[WhiteTeam "Denmark"]
[BlackTeam "Eck-Gunners"]
[WhiteFideId "1406680"]
[BlackFideId "4654536"]
[EventDate "2016.06.26"]

1. d4 f5 2. Nf3 Nf6 3. c4 d6 4. Nc3 g6 5. g3 Bg7 6. Bg2 O-O 7. O-O c6 8. Re1 Ne4
9. Qb3 Nxc3 10. bxc3 Kh8 11. Bf4 h6 12. h4 Nd7 13. e4 e5 14. Bd2 Qf6 15. exf5
gxf5 16. Qc2 Qf7 17. d5 cxd5 18. cxd5 e4 19. Nd4 Qxd5 20. Be3 Ne5 21. Red1 Qc4
22. Rab1 b6 23. Nb5 d5 24. Qd2 1/2-1/2

[Event "World Senior Teams +65"]
[Site "Radebeul GER"]
[Date "2016.06.27"]
[Round "2.11"]
[Board "3"]
[White "Gass, Ulrich"]
[Black "Mortensen, Steen Juul"]
[Result "1-0"]
[WhiteElo "2081"]
[BlackElo "2002"]
[WhiteTeam "Eck-Gunners"]
[BlackTeam "Denmark"]
[WhiteFideId "4683307"]
[BlackFideId "1408143"]
[EventDate "2016.06.26"]

1. e4 e5 2. Nf3 Nc6 3. Bb5 a6 4. Ba4 Nf6 5. d4 Nxd4 6. Nxd4 exd4 7. e5 Ne4 8.
Qxd4 Nc5 9. Nc3 Be7 10. O-O O-O 11. Bf4 Ne6 12. Qe4 Nxf4 13. Qxf4 d5 14. Rad1 c6
15. Rfe1 Qc7 16. Qg3 f6 17. Bb3 fxe5 18. Rxd5 Kh8 19. Qxe5 Qxe5 20. Rdxe5 Bf6
21. Re8 Bf5 22. Rxa8 Rxa8 23. f3 h5 24. Kf1 Rd8 25. Rd1 Re8 26. Na4 b5 27. Nc5
a5 28. c3 Re7 29. Re1 a4 30. Be6 Bxe6 31. Rxe6 Rxe6 32. Nxe6 a3 33. bxa3 Bxc3
34. Ke2 Bb2 35. Kd3 g6 36. Nd4 Bxa3 37. Nxc6 Bd6 38. h3 Kg7 39. Nd4 b4 40. Kc4
Kf6 41. Nc2 Kg5 42. Nxb4 Kh4 43. a4 1-0

[Event "World Senior Teams +65"]
[Site "Radebeul GER"]
[Date "2016.06.27"]
[Round "2.11"]
[Board "4"]
[White "Andersson, Finn"]
[Black "Freise, Eckhard"]
[Result "1/2-1/2"]
[WhiteElo "1816"]
[BlackElo "2003"]
[WhiteTeam "Denmark"]
[BlackTeam "Eck-Gunners"]
[WhiteFideId "1420232"]
[BlackFideId "4652193"]
[EventDate "2016.06.26"]

1. e4 e5 2. Nf3 Nc6 3. d4 exd4 4. Nxd4 Nf6 5. Nc3 Bb4 6. Nxc6 bxc6 7. Bd3 O-O 8.
O-O Re8 9. Qf3 d5 10. Bg5 h6 11. Bxf6 Qxf6 12. Qxf6 gxf6 13. exd5 Bxc3 14. bxc3
cxd5 15. Rab1 c5 16. Rfd1 c4 17. Bf1 Bf5 18. Rxd5 Bxc2 19. Rc1 Bd3 20. Bxd3 cxd3
21. Rxd3 Re2 1/2-1/2

[Event "World Senior Teams +65"]
[Site "Radebeul GER"]
[Date "2016.06.27"]
[Round "2.12"]
[Board "1"]
[White "Romcovici, Victor"]
[Black "Svensson, Leif 1940"]
[Result "1/2-1/2"]
[WhiteTitle "IM"]
[WhiteElo "2122"]
[BlackElo "2072"]
[WhiteTeam "Moldova"]
[BlackTeam "Sweden 2"]
[WhiteFideId "13900560"]
[BlackFideId "1702459"]
[EventDate "2016.06.26"]

1. e4 e5 2. Nf3 Nc6 3. d4 exd4 4. Nxd4 Nf6 5. Nxc6 bxc6 6. e5 Qe7 7. Qe2 Nd5 8.
c4 Nb6 9. b3 a5 10. Ba3 Qg5 11. Bxf8 Qc1+ 12. Qd1 Qxd1+ 13. Kxd1 Kxf8 14. Nc3 d6
15. exd6 cxd6 16. Bd3 Be6 17. Kc2 f5 18. Ne2 g6 19. h4 Kf7 20. h5 d5 21. cxd5
Nxd5 22. Bc4 Rhe8 23. hxg6+ hxg6 24. Nd4 Nb4+ 25. Kc3 Bxc4 26. Kxc4 c5 27. Nf3
Re4+ 28. Kc3 Nd5+ 29. Kd2 Kf6 30. Rhe1 Rg4 31. g3 Rd8 32. Ne5 Rd4+ 33. Kc1 Nb4
34. a3 Nd3+ 35. Nxd3 Rxd3 36. Rb1 Rc3+ 37. Kb2 Rdd3 38. Ka2 a4 39. bxa4 Rxa3+
40. Kb2 c4 41. Ra1 Rdb3+ 42. Kc2 c3 43. f4 Rb2+ 44. Kd3 Rd2+ 45. Kc4 Rda2 46.
Rxa2 Rxa2 47. Kb3 Rg2 48. Ra1 Rxg3 49. a5 Re3 50. a6 Re8 51. a7 Ra8 52. Kxc3 Kg7
53. Kd4 g5 54. Ke5 gxf4 55. Kxf4 Kf7 56. Kxf5 Ke7 1/2-1/2

[Event "World Senior Teams +65"]
[Site "Radebeul GER"]
[Date "2016.06.27"]
[Round "2.12"]
[Board "2"]
[White "Andersson, Sven-Olof"]
[Black "Nevednichy, Boris M"]
[Result "1/2-1/2"]
[BlackTitle "IM"]
[WhiteElo "1983"]
[BlackElo "2122"]
[WhiteTeam "Sweden 2"]
[BlackTeam "Moldova"]
[WhiteFideId "1706926"]
[BlackFideId "13900080"]
[EventDate "2016.06.26"]

1. d4 Nf6 2. Nf3 e6 3. Bf4 b5 4. e3 a6 5. Bd3 Bb7 6. O-O d6 7. Nbd2 Nbd7 8. c4
b4 9. Qe2 Nh5 10. Bg5 Be7 11. Bxe7 Qxe7 12. a3 bxa3 13. Rxa3 O-O 14. Ra5 g6 15.
Ne4 e5 16. dxe5 dxe5 17. c5 f5 18. Bc4+ Kh8 19. Ng3 Nxg3 20. hxg3 Bxf3 21. gxf3
Nxc5 22. Rd1 Rfd8 23. Rxd8+ Rxd8 24. Qc2 1/2-1/2

[Event "World Senior Teams +65"]
[Site "Radebeul GER"]
[Date "2016.06.27"]
[Round "2.12"]
[Board "3"]
[White "Scovitin, Albert"]
[Black "Degerfeldt, Sven"]
[Result "1-0"]
[WhiteElo "2209"]
[BlackElo "1962"]
[WhiteTeam "Moldova"]
[BlackTeam "Sweden 2"]
[WhiteFideId "13906356"]
[BlackFideId "1717430"]
[EventDate "2016.06.26"]

1. c4 Nf6 2. Nc3 c5 3. e4 d6 4. d3 Nc6 5. g3 g6 6. Bg2 Bg7 7. Nge2 e5 8. h3 Be6
9. Be3 Qd7 10. Nd5 Bxd5 11. cxd5 Nd4 12. O-O Qb5 13. Rb1 a5 14. Kh2 O-O 15. f4
Nd7 16. f5 f6 17. fxg6 hxg6 18. h4 Rf7 19. Bh3 Re7 20. Nc3 Qb6 21. Bxd7 Rxd7 22.
Qg4 Qd8 23. Qxg6 Qe8 24. Qg4 Rf7 25. Rf2 f5 26. exf5 Qd7 27. Bxd4 cxd4 28. Ne4
Raf8 29. Rbf1 b5 30. Ng5 Rf6 31. Ne6 R8f7 32. Qg5 Kh7 33. Nxg7 1-0

[Event "World Senior Teams +65"]
[Site "Radebeul GER"]
[Date "2016.06.27"]
[Round "2.12"]
[Board "4"]
[White "Ekelund, Kurt"]
[Black "Gyrlea, Viktor"]
[Result "1-0"]
[BlackTitle "IM"]
[WhiteElo "1952"]
[BlackElo "2384"]
[WhiteTeam "Sweden 2"]
[BlackTeam "Moldova"]
[WhiteFideId "1706667"]
[BlackFideId "13900803"]
[EventDate "2016.06.26"]

1. e4 d5 2. exd5 Nf6 3. d4 Nxd5 4. Nf3 e6 5. c4 Nf6 6. Nc3 c6 7. Bd3 Be7 8. O-O
O-O 9. Qe2 Nbd7 10. Ne5 Re8 11. Bf4 Nf8 12. Rad1 Ng6 13. Bg3 Nd7 14. Rfe1 Bb4
15. Qh5 Qa5 16. Qf3 Ndxe5 17. dxe5 Qc7 18. Bc2 Bd7 19. a3 Be7 20. Ne4 Rad8 21.
Nf6+ Bxf6 22. exf6 Qb6 23. fxg7 Bc8 24. h4 Qxb2 25. Bxg6 fxg6 26. Rxd8 Rxd8 27.
Be5 Qc2 28. Qf6 Re8 29. Bd6 Qf5 30. Qf8+ Rxf8 31. gxf8=Q+ Qxf8 32. Bxf8 Kxf8 33.
f4 h5 34. Kf2 Ke7 35. Rd1 Bd7 36. Ke3 c5 37. Rg1 Kf6 38. g4 hxg4 39. Rxg4 Bc6
40. Rg5 b6 41. h5 gxh5 42. Rxh5 Kg7 43. Rh2 Bb7 44. Rd2 Kf6 45. Rd7 Bg2 46. Rxa7
Bf1 47. Rb7 Bxc4 48. Rxb6 Bd5 49. Rb1 c4 50. Rb8 Ke7 51. Kd4 Kd6 52. a4 1-0

[Event "World Senior Teams +65"]
[Site "Radebeul GER"]
[Date "2016.06.27"]
[Round "2.13"]
[Board "1"]
[White "Danner, Lambert"]
[Black "Palmo, Pentti"]
[Result "1-0"]
[WhiteElo "2086"]
[BlackElo "1995"]
[WhiteTeam "Wien 2"]
[BlackTeam "Turku"]
[WhiteFideId "1305840"]
[BlackFideId "501905"]
[EventDate "2016.06.26"]

1. g3 g6 2. Bg2 Bg7 3. c4 c6 4. Nc3 d6 5. d4 Qb6 6. e3 Nf6 7. Nge2 O-O 8. O-O
Bg4 9. h3 Bxe2 10. Qxe2 e5 11. d5 c5 12. Rb1 a6 13. Qc2 Qc7 14. Bd2 Nbd7 15.
Rbe1 Rab8 16. Qd3 b5 17. b3 b4 18. Nd1 a5 19. e4 Ne8 20. Ne3 Ra8 21. a4 f6 22.
h4 Qd8 23. Bh3 Nc7 24. Kg2 Qe7 25. h5 Kf7 26. Rh1 Ke8 27. Qe2 Qf7 28. Bg4 Ke7
29. Ref1 Rad8 30. f4 Rfe8 31. Bxd7 Rxd7 32. fxe5 dxe5 33. Ng4 Rd6 34. Nxe5 fxe5
35. Rxf7+ Kxf7 36. hxg6+ hxg6 37. Qf2+ 1-0

[Event "World Senior Teams +65"]
[Site "Radebeul GER"]
[Date "2016.06.27"]
[Round "2.13"]
[Board "2"]
[White "Alkkiomaki, Jyrki"]
[Black "Eidenberger, Otto"]
[Result "1/2-1/2"]
[WhiteElo "1973"]
[BlackElo "2000"]
[WhiteTeam "Turku"]
[BlackTeam "Wien 2"]
[WhiteFideId "506893"]
[BlackFideId "1621874"]
[EventDate "2016.06.26"]

1. e4 d5 2. exd5 Nf6 3. Nc3 Nxd5 4. Nxd5 Qxd5 5. d4 e5 6. dxe5 Qxe5+ 7. Qe2 Nc6
8. Bf4 Qxe2+ 9. Nxe2 Bf5 10. O-O-O Rc8 11. Nd4 Nxd4 12. Rxd4 Be7 13. Bd3 Be6 14.
Be4 c6 15. Be3 Bc5 16. Rd3 Bxe3+ 17. Rxe3 O-O 1/2-1/2

[Event "World Senior Teams +65"]
[Site "Radebeul GER"]
[Date "2016.06.27"]
[Round "2.13"]
[Board "3"]
[White "Karlstoetter, Kurt"]
[Black "Rantanen, Veikko"]
[Result "1/2-1/2"]
[WhiteElo "1848"]
[BlackElo "1966"]
[WhiteTeam "Wien 2"]
[BlackTeam "Turku"]
[WhiteFideId "1642863"]
[BlackFideId "506770"]
[EventDate "2016.06.26"]

1. e4 e6 2. d4 d5 3. Nc3 Nf6 4. e5 Nfd7 5. f4 c5 6. Nf3 Nc6 7. Be3 Qb6 8. a3
cxd4 9. Nxd4 Nxd4 10. Bxd4 Bc5 11. Nb5 O-O 12. b4 Bxd4 13. Qxd4 Qxd4 14. Nxd4 a6
15. c4 dxc4 16. Bxc4 Nb6 17. Bb3 Bd7 18. Kf2 Rac8 19. Rac1 Rfd8 1/2-1/2

[Event "World Senior Teams +65"]
[Site "Radebeul GER"]
[Date "2016.06.27"]
[Round "2.13"]
[Board "4"]
[White "Lehtosaari, Kalevi"]
[Black "Prochaska, Juergen"]
[Result "1-0"]
[WhiteElo "1953"]
[BlackElo "1887"]
[WhiteTeam "Turku"]
[BlackTeam "Wien 2"]
[WhiteFideId "501174"]
[BlackFideId "1601806"]
[EventDate "2016.06.26"]

1. c4 Nf6 2. Nc3 c5 3. Nf3 g6 4. e3 Bg7 5. d4 O-O 6. Be2 d6 7. O-O b6 8. d5 Bg4
9. e4 Bxf3 10. Bxf3 Nbd7 11. Be2 a6 12. Bg5 Rb8 13. a4 h6 14. Be3 Kh7 15. f4 Ne8
16. Qc2 Nc7 17. Rad1 b5 18. cxb5 Bxc3 19. Qxc3 axb5 20. a5 Na6 21. Bd2 Qc7 22.
Qh3 Nf6 23. f5 Ng8 24. Rf4 g5 25. Rf2 Kg7 26. Qe3 Nb4 27. Ra1 Nf6 28. Rc1 Qxa5
29. h4 Nh7 30. f6+ exf6 31. Rcf1 Qd8 32. Bc3 Nc2 33. Qd2 Nd4 34. hxg5 fxg5 35.
Bg4 Qe7 36. Bxd4+ cxd4 37. Qxd4+ f6 38. Bf5 Qe5 39. Qa7+ 1-0

[Event "World Senior Teams +65"]
[Site "Radebeul GER"]
[Date "2016.06.27"]
[Round "2.14"]
[Board "2"]
[White "Hassenrueck, Helmut"]
[Black "Malmdin, Nils-Ake"]
[Result "1/2-1/2"]
[BlackTitle "FM"]
[WhiteElo "2231"]
[BlackElo "2174"]
[WhiteTeam "Sportfreunde Katernberg"]
[BlackTeam "Sweden 1"]
[WhiteFideId "4670302"]
[BlackFideId "1701584"]
[EventDate "2016.06.26"]

1. d4 g6 2. e4 Bg7 3. Nc3 c5 4. dxc5 Bxc3+ 5. bxc3 Qa5 6. Qd4 Nf6 7. Qb4 Nc6 8.
Qxa5 Nxa5 9. f3 O-O 10. Be3 Re8 11. Bd3 d5 12. e5 Nd7 13. f4 b6 14. cxb6 axb6
15. Nf3 Ba6 16. O-O Rec8 17. Bd4 Nc5 18. Bxa6 Rxa6 19. Rfb1 Na4 20. Rb5 e6 21.
Rab1 Nxc3 22. Rxb6 Rxb6 23. Rxb6 Ne2+ 24. Kf1 Rxc2 25. Rb8+ Kg7 26. Bb6 Nc6 27.
Rb7 h6 28. g3 Rxa2 29. Rc7 Nb4 30. Bc5 Nd3 31. Be7 g5 32. fxg5 Nxg3+ 33. Kg1
Ne2+ 34. Kf1 1/2-1/2

[Event "World Senior Teams +65"]
[Site "Radebeul GER"]
[Date "2016.06.27"]
[Round "2.14"]
[Board "3"]
[White "Hammar, Bengt"]
[Black "Mueller-Clostermann, Bruno"]
[Result "1/2-1/2"]
[WhiteTitle "FM"]
[WhiteElo "2164"]
[BlackElo "2184"]
[WhiteTeam "Sweden 1"]
[BlackTeam "Sportfreunde Katernberg"]
[WhiteFideId "1700391"]
[BlackFideId "12932280"]
[EventDate "2016.06.26"]

1. e4 d6 2. d4 Nf6 3. Nc3 e5 4. Nf3 exd4 5. Nxd4 Be7 6. Be2 O-O 7. O-O c5 8. Nf3
Nc6 9. h3 Be6 10. Ng5 Nd4 11. Nxe6 Nxe2+ 12. Qxe2 fxe6 13. e5 Nd5 14. exd6 Qxd6
15. Ne4 Qe5 16. Re1 Rae8 17. Ng5 Qxe2 18. Rxe2 Bxg5 19. Bxg5 Rf5 20. Bd2 Nf4 21.
Re4 Ng6 22. Rae1 Rd5 23. Bc3 Kf7 24. Ra4 a6 25. Rg4 b5 26. a3 Red8 27. Kf1 Rd1
28. Re4 Rxe1+ 29. Kxe1 Rd5 30. Bd2 Re5 31. Rxe5 Nxe5 32. b3 Nd7 33. Ke2 e5 34.
Be3 Ke6 35. Kd3 1/2-1/2

[Event "World Senior Teams +65"]
[Site "Radebeul GER"]
[Date "2016.06.27"]
[Round "2.14"]
[Board "4"]
[White "Armbruester, Juergen"]
[Black "Nordstrom, Felix"]
[Result "1/2-1/2"]
[BlackTitle "FM"]
[WhiteElo "1964"]
[BlackElo "2093"]
[WhiteTeam "Sportfreunde Katernberg"]
[BlackTeam "Sweden 1"]
[WhiteFideId "24681229"]
[BlackFideId "1701509"]
[EventDate "2016.06.26"]

1. e4 c5 2. Nf3 d6 3. d4 cxd4 4. Nxd4 Nf6 5. Nc3 a6 6. Be2 e6 7. O-O Qc7 8. Be3
b5 9. Bd3 Bb7 10. a3 Nbd7 11. f3 Be7 12. Qe1 O-O 13. Qg3 Nc5 14. Nce2 Rac8 15.
b4 Ncd7 16. Rfc1 Nb6 17. Kh1 Nc4 18. Bh6 Ne8 19. Bg5 Bxg5 20. Qxg5 h6 21. Qg3
Qb6 22. Nb3 Nf6 23. Qe1 Rfd8 24. Ng3 g6 25. Qg1 Qxg1+ 26. Kxg1 Kf8 27. Bxc4 Rxc4
28. Na5 Rc7 29. Nxb7 Rxb7 30. c4 bxc4 1/2-1/2

[Event "World Senior Teams +65"]
[Site "Radebeul GER"]
[Date "2016.06.27"]
[Round "2.15"]
[Board "1"]
[White "Schwier, Manfred"]
[Black "Smeets, Pierre"]
[Result "1/2-1/2"]
[WhiteElo "2031"]
[BlackElo "2119"]
[WhiteTeam "Dresdner Springer"]
[BlackTeam "Oranje 3"]
[WhiteFideId "4671988"]
[BlackFideId "1043820"]
[EventDate "2016.06.26"]

1. e4 e6 2. d4 d5 3. e5 c5 4. c3 Nc6 5. Nf3 Bd7 6. Be2 f6 7. O-O fxe5 8. Nxe5
Nxe5 9. dxe5 Qc7 10. f4 O-O-O 11. Qc2 Ne7 12. Be3 1/2-1/2

[Event "World Senior Teams +65"]
[Site "Radebeul GER"]
[Date "2016.06.27"]
[Round "2.15"]
[Board "2"]
[White "Mostertman, Loek"]
[Black "Bec, Dietmar"]
[Result "1-0"]
[WhiteElo "1958"]
[BlackElo "2056"]
[WhiteTeam "Oranje 3"]
[BlackTeam "Dresdner Springer"]
[WhiteFideId "1010425"]
[BlackFideId "4629590"]
[EventDate "2016.06.26"]

1. e4 e6 2. d4 d5 3. Nd2 a6 4. Ngf3 Nf6 5. e5 Nfd7 6. Bd3 c5 7. c3 Nc6 8. O-O
Be7 9. Qe2 Qb6 10. Re1 cxd4 11. cxd4 Nxd4 12. Nxd4 Qxd4 13. Nf3 Qb6 14. Be3 Qd8
15. Rac1 b6 16. Bb1 Bb7 17. Bd4 g5 18. h3 h5 19. Nh2 Kf8 20. a3 a5 21. Rc3 Ba6
22. Qc2 Bc5 23. Bxc5+ bxc5 24. Rf3 Rh6 25. Qd2 Kg7 26. Rg3 f5 27. exf6+ Qxf6 28.
Rxg5+ Kh8 29. Nf3 Bc8 30. b3 Nf8 31. Ne5 Bd7 32. Rg3 Be8 33. Qc3 d4 34. Qxc5 Nh7
35. Qxd4 Rd8 36. Qe3 Rd5 37. Bd3 Nf8 38. Bc4 Rd8 39. Qc5 Nh7 40. Qxa5 Qe7 41.
Qc3 Qf6 42. Qe3 Nf8 43. a4 Rh7 44. a5 Rg7 45. Rf3 1-0